Greece and Yugoslavia : an economic comparison
Αποθηκεύτηκε σε:
| Κύριος συγγραφέας: | |
|---|---|
| Μορφή: | Βιβλίο |
| Γλώσσα: | English |
| Δημοσίευση: |
New York :
Praeger,
c1984
|
| Θέματα: | |
| Ετικέτες: |
Προσθήκη ετικέτας
Δεν υπάρχουν, Καταχωρήστε ετικέτα πρώτοι!
|
MARC
| LEADER | 00000nam a2200000 i 4500 | ||
|---|---|---|---|
| 001 | 1/24998 | ||
| 008 | 981203s1984 eng d | ||
| 020 | |a 0-03-071466-4 | ||
| 035 | |l 10037227 | ||
| 040 | |a GR-MY-UA |b gre |e aacr | ||
| 041 | 0 | |a eng | |
| 082 | 0 | |a 330.9495076 | |
| 100 | 1 | |a Γιάνναρης, Νικόλαος Β. | |
| 245 | 1 | 0 | |a Greece and Yugoslavia : |b an economic comparison / |c Nicholas V. Gianaris |
| 260 | |a New York : |b Praeger, |c c1984 | ||
| 300 | |a 258 p. | ||
| 504 | |a Includes indexes | ||
| 651 | 0 | |a Greece |x Economic conditions |y 1974- | |
| 651 | 0 | |a Yugoslavia |x Economic conditions |y 1945- | |
| 852 | |a INST |b LESVOS |e 19981203 |h 330.9495076 ΓΙΑ |p 005100018157 |q 005100018157 |t BK |y 0 | ||
| 901 | |a BIBL-1999-1 | ||
| 909 | |a Λ |b 060299 | ||
| 922 | |a 1ΕΛΗ |b 199810 |c ΚΠΣ/ΤΓ |d ΠΑΠΑΣΩΤΗΡΙΟΥ | ||
| 950 | |a 118-1998-07-18 | ||